000 00451cam a22001097a 4500
008 180718b-- xxu||||| |||| 00| 0 eng d
082 _aA75 M278BO
245 _aMaharashtra state gazerreers: general state series
_cby Government of Maharashtra
260 _aBombay
_bGazetteers Department
_c--
500 _aContents: Part 1-Medicinal plants. 250p.;Part 2-Timbers. 1952. 259p.;Part 4. 1987. 872+p.;v.2. 1978. 492p.;v.3. 1978. 384+p.
700 _aMaharashtra.
999 _c481605
_d481605